000 02178cam a2200169 4500500
005 20260329014315.0
041 _afre
042 _adc
100 1 0 _aStruczyk, Stanislas
_eauthor
700 1 0 _aBourgeois, Didier
_eauthor
245 0 0 _aUn avatar des troubles du narcissisme : les « NEET »
260 _c2009.
500 _a68
520 _aDix neuf mois après la seconde guerre mondiale est mise en place le 9 Décembre 1946 une juridiction internationale à NUREMBERG : « le Medical Case » ou procès des médecins accusés d’avoir participé au génocide. Le monde entier est encore sous le choc de l’ampleur de la gravité des crimes perpétrés par les nazis, et prend conscience de l’horreur de la Shoah. L’accusation met en évidence la dimension particulièrement atroce des expérimentations médicales réalisées sur des êtres humains dans les camps de concentration. Ce qui se joue dans ce procès dépasse largement les actions criminelles de quelques médecins dévoyés. Il s’agit du fondement même du nazisme et de sa prétention à ériger un autre code de comportement que celui que les hommes ont finalement privilégié, au moins à titre d’horizon souhaitable. Au-delà d’une prise de conscience de la nature des actes commis sur les déportés et des dérives induites par une conception dénaturée de la science, les quatre juges du tribunal militaire américain estiment indispensable d’élaborer un code de droit international permettant de qualifier les bonnes pratiques de la recherche menée sur l’homme. Le code de Nuremberg, adopté en août 1947, repris par la suite dans la déclaration d’Helsinki, constitue l’acte fondateur de l’éthique médicale moderne [1]. Ce code, dont la portée historique est fondamentale sur le plan juridique et médical, définit la légitimité des expériences médicales et le statut des personnes participant à une expérimentation. Il annonce ainsi la naissance de la bioéthique médicale.
786 0 _nPsy Cause | 54 | 2 | 2009-01-06 | p. 31-35 | 1245-2394
856 4 1 _uhttps://shs.cairn.info/revue-psy-cause-2009-2-page-31?lang=fr&redirect-ssocas=7080
999 _c1887982
_d1887982